Key Figures on Europe Statistics Illustrated

Salvato in:
Dettagli Bibliografici
Ente Autore: Eurostat
Altri autori: Strandell, Helene, Wolff, Pascal
Natura: Libro
Lingua:inglese
Pubblicazione: Luxembourg Publications Office of the European Union 2019
Edizione:2019 Edition
Soggetti:
Tags: Aggiungi Tag
Nessun Tag, puoi essere il primo ad aggiungerne!!

MARC

LEADER 00000nam a2200000 4500
001 0283100
005 20240314123109.0
020 |a 978-92-79-77872-8 
022 |a 1830-7892 
041 0 |a eng 
044 |a LU 
245 1 0 |a Key Figures on Europe  |b Statistics Illustrated  |c editors Helene Strandell and Pascal Wolff 
250 |a 2019 Edition 
264 1 |a Luxembourg  |b Publications Office of the European Union  |c 2019 
300 |a 67 s. 
610 2 0 |a štatistika ekonomická 
610 2 0 |a štatistika regionálna 
610 2 0 |a porovnanie štatistické medzinárodné 
610 2 0 |a údaje štatistické medzinárodné 
610 2 0 |a politika poľnohospodárska 
610 2 0 |a politika vzdelávania 
610 2 0 |a politika energetická 
610 2 0 |a politika zdravotná 
610 2 0 |a politika priemyselná 
610 2 0 |a politika populačná 
610 2 0 |a politika sociálna 
610 2 0 |a politika dopravná 
610 2 0 |a obchod medzinárodný 
610 2 0 |a trh práce 
610 2 0 |a Európa 
610 2 0 |a Európska únia 
700 1 |a Strandell, Helene 
700 1 |a Wolff, Pascal 
710 2 |a Eurostat